| 000 | 00739nam a2200241 i 4500 | ||
|---|---|---|---|
| 001 | 54348 | ||
| 003 | ES-MaACL | ||
| 005 | 20250814090541.0 | ||
| 007 | t| | ||
| 008 | 031209s2001 ag ||||1| spa d | ||
| 020 | _a950-12-2716-2 | ||
| 080 | _a791.43:82 | ||
| 100 | 1 |
_aWolf, Sergio. _9117236 |
|
| 245 | 1 | 0 |
_aCine, literatura _b: ritos de pasaje / _cSergio Wolf. |
| 260 |
_aBuenos Aires : _bPaidós, _c2001. |
||
| 300 |
_a175 p. : _bil. ; _c22 cm. |
||
| 490 | 1 |
_aEstudios de comunicación ; _v16 |
|
| 650 | 1 | 7 |
_aAdaptaciones cinematográficas _2embne _99609 |
| 650 | 0 | 7 |
_aCine y literatura _2embne _911036 |
| 830 | 0 |
_aEstudios de comunicación ; _v16 _9230296 |
|
| 852 |
_aES-MaACL _jL-26698 |
||
| 999 |
_c54348 _d54348 |
||